| 000 | 00454nam a22001935 4500 | ||
|---|---|---|---|
| 001 | sjdsz9bblp b2224220 | ||
| 003 | sjds | ||
| 005 | 20160905104400.0 | ||
| 008 | 141203s2014 j 1 spa | ||
| 020 | _a9788416126019 ; | ||
| 020 | _a8416126011 | ||
| 040 | _csjds | ||
| 041 | _aspa | ||
| 050 | 4 | _aEasy | |
| 100 | 1 | _aCrozon, Alain. | |
| 245 | 1 | 0 |
_a1, 2, 3, arriba!: _bun libro con movimento! |
| 260 |
_bKokinos, _c2014 |
||
| 942 |
_cBK _2ddc |
||
| 999 |
_c16186 _d16186 |
||